[Event "Subang Jaya op 12th"]
[Site "Subang Jaya"]
[Date "2024.01.28"]
[Round "8"]
[White "Balan, Praneal"]
[Black "Azrul, Raif Hamzah"]
[Result "0-1"]
[WhiteElo "1218"]
[BlackElo "1375"]
[PlyCount "65"]
[EventDate "2024.01.27"]
[EventType "swiss"]
[EventRounds "8"]
[EventCountry "MAS"]
[SourceTitle "CB06_2024"]
[SourceDate "2024.02.07"]
[SourceVersion "1"]
[SourceVersionDate "2024.02.07"]
[SourceQuality "1"]

1. d4 Nf6 2. Bf4 d5 3. e3 e6 4. Nf3 c5 5. c3 Nc6 6. Nbd2 Bd6 7. Bg3 0-0 8. Bd3 b6 9. Ne5 Bb7 10. 0-0 Ne7 11. f4 Nf5 12. Bxf5 exf5 13. Bh4 Be7 14. Qc2 Ne4 15. Bxe7 Qxe7 16. Nef3 Rfe8 17. Rfe1 f6 18. Nxe4 fxe4 19. Nd2 Rac8 20. Qb3 Kh8 21. Nf1 Qc7 22. Rac1 cxd4 23. cxd4 Qxc1 24. Rxc1 Rxc1 25. Kf2 Rec8 26. Qb4 h6 27. f5 R8c2+ 28. Nd2 Rd1 29. Qf8+ Kh7 30. Qf7 Rdxd2+ 31. Ke1 Rxg2 32. Kf1 Ba6+ 33. Ke1 0-1